00876nam a22001937a 450000500170000000800410001702000150005805000200007310000320009324500810012525000110020626001130021730000280033050000980035850400280045665000830048465100750056770000400064220250623103249.0250623b sp ||||| |||| 00| 0 spa d a847790285204aND801bO34 19971 aOjeda Quintana, Juan José10aLa imagen del aguac / Juan José Ojeda Quintana, Ana Vázquez de la Cueva a1a ed. aEspaña :bCentro de Estudios Históricos de Obras Públicas y Urbanismo :bMinisterio de Fomento,c1997. a194 p. :bil. ;c21 cm. aEste libro ha sido editado con motivo del XXI Congreso de la International Water Asociation. aIncluye bibliografía. 72lembaArtexAgua en arquitectura del paisaje. ySiglo XXzEspañavCatálogo 72lembaEspañaxAgua y civilizaciónxPintura española.vCatálogo1 aVázquez de la Cueva, Anna,eautor